000 00625nam a2200253Ia 4500
001 3994
005 20240113233705.0
007 ta
008 050607s1954 g b000 u hin u
020 _cPB
040 _aCotton College Assam
041 _ahin
082 _a891.431
_bSa 74 K
100 _aSharma, Narendra .
245 0 _aKadli-Ban /
_cNarendra Sharma.
_hTextual Documents
250 _a1st ed. /
260 _aAllahabad :
_bKitab mahal ,
_c1954.
300 _a89.p ;
_c21cm.
653 _aHindi poetry
653 _aGen-Hindi
942 _2ddc
_cBK
999 _c3982
_d3982